[Event "EYCC 2017"]
[Site "Mamaia"]
[Date "2017.09.07"]
[Round "3"]
[White "Radovic, Janko"]
[Black "Sorokin, Aleksey"]
[Result "0-1"]
[WhiteElo "2330"]
[BlackElo "2486"]
[Annotator "TA"]
[PlyCount "98"]
[EventDate "2017.??.??"]
[EventType "swiss"]
[EventCountry "ROU"]
[SourceTitle "playchess.com"]
[Source "ChessBase"]
[SourceQuality "1"]

1. e4 c5 2. Nf3 d6 3. Bb5+ Nd7 4. d4 cxd4 5. Qxd4 a6 6. Bxd7+ Bxd7 7. Nc3 e5 8. Qd3 Rc8 9. Bg5 Qc7 10. O-O h6 11. Bh4 g5 12. Bg3 Nf6 13. Rfd1 Be7 14. Nd2 Be6 15. Nf1 h5 16. h4 Ng4 17. hxg5 h4 18. Bh2 Qb6 19. Qf3 Bxg5 20. Nd5 Qc6 21. Nfe3 Nxe3 22. Nxe3 Rg8 23. Nf5 Rd8 24. Rd3 Bc4 25. Rc3 Bd2 26. Rxc4 Qxc4 27. Rd1 h3 28. Bg3 Bf4 29. c3 Bxg3 30. Nxg3 Qe6 31. Rd5 hxg2 32. c4 Qg4 33. Kxg2 Qxf3+ 34. Kxf3 Ke7 35. Nf5+ Ke6 36. Rd1 Rd7 37. a4 Rg5 38. Ne3 f6 39. Rh1 Rgg7 40. Rh8 Rh7 41. Rf8 Rdf7 42. Re8+ Re7 43. Rf8 Rh3+ 44. Ke2 Rh4 45. Kd3 Rf4 46. Nd5 Rxf2 47. Nxe7 Kxe7 48. Rb8 Rxb2 49. a5 Kd7 0-1

[Event "EYCC 2017"]
[Site "Mamaia"]
[Date "2017.09.07"]
[Round "3"]
[White "Szpar, Milosz"]
[Black "Matviishen, Viktor"]
[Result "1/2-1/2"]
[WhiteElo "2308"]
[BlackElo "2431"]
[Annotator "TA"]
[PlyCount "124"]
[EventDate "2017.??.??"]
[EventType "swiss"]
[EventCountry "ROU"]
[SourceTitle "playchess.com"]
[Source "ChessBase"]
[SourceQuality "1"]

1. e4 e5 2. Nf3 Nc6 3. Bb5 a6 4. Ba4 Nf6 5. O-O b5 6. Bb3 Be7 7. Re1 d6 8. c3 Na5 9. Bc2 c5 10. d4 Qc7 11. d5 Nd7 12. Nbd2 Nb6 13. Nf1 O-O 14. Ng3 Nb7 15. h3 a5 16. Nf5 Bf6 17. Nh2 g6 18. Ng4 Bd8 19. Ng3 Bh4 20. Qf3 Qe7 21. Bh6 Rd8 22. b3 Bg5 23. Bxg5 Qxg5 24. Qe3 Qxe3 25. Nxe3 b4 26. a4 bxa3 27. Rxa3 Bd7 28. Rea1 Rdc8 29. Nc4 Nxc4 30. bxc4 Rcb8 31. Ba4 Bxa4 32. Rxa4 Nd8 33. Rxa5 Rxa5 34. Rxa5 Rb1+ 35. Nf1 Kf8 36. Ra3 f5 37. exf5 gxf5 38. g4 f4 39. f3 Nf7 40. h4 e4 41. fxe4 Ne5 42. Ra2 Nxg4 43. Kg2 Rc1 44. Nh2 Ne5 45. Nf3 Nxc4 46. Ng5 Rxc3 47. Nxh7+ Kg7 48. Ng5 Kh6 49. Ne6 Rg3+ 50. Kf2 Ne5 51. Ra8 Nd3+ 52. Ke2 c4 53. Rh8+ Kg6 54. h5+ Kf6 55. h6 f3+ 56. Kd2 f2 57. h7 Kg6 58. Nf8+ Kf7 59. Ne6 Kg6 60. Nf8+ Kf7 61. Ne6 Kg6 62. Nf8+ Kf7 1/2-1/2

[Event "EYCC 2017"]
[Site "Mamaia"]
[Date "2017.09.07"]
[Round "3"]
[White "Akhvlediani, Irakli"]
[Black "Morozov, Nichita"]
[Result "1/2-1/2"]
[WhiteElo "2303"]
[BlackElo "2461"]
[Annotator "TA"]
[PlyCount "46"]
[EventDate "2017.??.??"]
[EventType "swiss"]
[EventCountry "ROU"]
[SourceTitle "playchess.com"]
[Source "ChessBase"]
[SourceQuality "1"]

1. d4 Nf6 2. c4 g6 3. Nc3 Bg7 4. e4 d6 5. Nf3 Bg4 6. Be2 Bxf3 7. Bxf3 e5 8. d5 h5 9. O-O a5 10. a3 Nbd7 11. Be3 Bh6 12. Bxh6 Rxh6 13. Qd2 Rh8 14. b4 Kf8 15. Na4 Kg7 16. Rfc1 axb4 17. axb4 b5 18. cxb5 Qb8 19. Qd3 Qa7 20. Qc3 Qb7 21. Qc6 Rhb8 22. Nc3 Ra7 23. Be2 Rxa1 1/2-1/2

[Event "EYCC 2017"]
[Site "Mamaia"]
[Date "2017.09.07"]
[Round "3"]
[White "Macko, Miroslav"]
[Black "Vrolijk, Liam"]
[Result "1/2-1/2"]
[WhiteElo "2303"]
[BlackElo "2418"]
[Annotator "TA"]
[PlyCount "107"]
[EventDate "2017.??.??"]
[EventType "swiss"]
[EventCountry "ROU"]
[SourceTitle "playchess.com"]
[Source "ChessBase"]
[SourceQuality "1"]

1. e4 e5 2. Nf3 Nc6 3. Bb5 a6 4. Ba4 Nf6 5. O-O Be7 6. Re1 b5 7. Bb3 d6 8. c3 O-O 9. d3 Na5 10. Bc2 c5 11. Nbd2 Nc6 12. Nf1 Re8 13. Ne3 Bf8 14. a4 Rb8 15. axb5 axb5 16. Bb3 Na5 17. Ba2 b4 18. Nd5 b3 19. Nxf6+ Qxf6 20. Bb1 Qd8 21. d4 cxd4 22. cxd4 Qb6 23. d5 Nb7 24. Be3 Nc5 25. Bd3 Bd7 26. Nd2 Qb4 27. Bxc5 Qxc5 28. Nxb3 Qb4 29. Na5 Qxb2 30. Nc6 Ra8 31. Rb1 Qc3 32. Rb3 Qc5 33. Qb1 Ra3 34. Rxa3 Qxa3 35. Rc1 Ra8 36. Bb5 f5 37. Re1 Qc3 38. Ne7+ Bxe7 39. Bxd7 fxe4 40. g3 e3 41. Rxe3 Qa1 42. Be6+ Kf8 43. Qxa1 Rxa1+ 44. Kg2 Ra7 45. h4 Rc7 46. Kh3 Ra7 47. Rf3+ Bf6 48. g4 Ke8 49. g5 Bd8 50. Bg8 h6 51. Bh7 Be7 52. Bg6+ Kd8 53. gxh6 gxh6 54. Rg3 1/2-1/2

[Event "EYCC 2017"]
[Site "Mamaia"]
[Date "2017.09.07"]
[Round "3"]
[White "Haring, Viktor"]
[Black "Vykouk, Jan"]
[Result "0-1"]
[WhiteElo "2297"]
[BlackElo "2440"]
[Annotator "TA"]
[PlyCount "78"]
[EventDate "2017.??.??"]
[EventType "swiss"]
[EventCountry "ROU"]
[SourceTitle "playchess.com"]
[Source "ChessBase"]
[SourceQuality "1"]

1. e4 c5 2. Nf3 Nc6 3. d4 cxd4 4. Nxd4 Qb6 5. Nb3 Nf6 6. Nc3 e6 7. Be3 Qc7 8. Bd3 a6 9. Qe2 b5 10. f4 d6 11. O-O Be7 12. Kh1 Bb7 13. Rae1 O-O 14. a3 Rac8 15. Nd4 Na5 16. Bc1 Nc4 17. e5 dxe5 18. fxe5 Nd7 19. Qh5 g6 20. Qh3 Qb6 21. Bxc4 Rxc4 22. Nf3 h5 23. Be3 Qc7 24. Bg5 Bxg5 25. Nxg5 Rg4 26. Nce4 Qxe5 27. Nf6+ Qxf6 28. Rxf6 Nxf6 29. Nf3 Nd5 30. g3 Rc8 31. Qg2 Nf4 32. Qf1 Nh3 33. Re3 Ng5 34. c3 Rc5 35. Kg1 Rf5 36. Qd1 Nxf3+ 37. Kf2 Nxh2+ 38. Ke2 Bf3+ 39. Rxf3 Nxf3 0-1

[Event "EYCC 2017"]
[Site "Mamaia"]
[Date "2017.09.07"]
[Round "3"]
[White "Di Benedetto, Edoardo"]
[Black "Kevlishvili, Robby"]
[Result "1/2-1/2"]
[WhiteElo "2270"]
[BlackElo "2450"]
[Annotator "TA"]
[PlyCount "96"]
[EventDate "2017.??.??"]
[EventType "swiss"]
[EventCountry "ROU"]
[SourceTitle "playchess.com"]
[Source "ChessBase"]
[SourceQuality "1"]

1. e4 c5 2. Nf3 d6 3. Bb5+ Nd7 4. d4 cxd4 5. Qxd4 a6 6. Bxd7+ Bxd7 7. O-O Nf6 8. Nc3 e6 9. Bg5 Be7 10. Rad1 Bc6 11. e5 dxe5 12. Qxd8+ Rxd8 13. Rxd8+ Bxd8 14. Nxe5 Nd7 15. Bxd8 Nxe5 16. Bc7 Nc4 17. b3 Kd7 18. Bf4 Na3 19. Rc1 Rc8 20. Nb1 Nxb1 21. Rxb1 Be4 22. Rd1+ Ke8 23. c4 Rd8 24. Rxd8+ Kxd8 25. b4 Bb1 26. a4 Bc2 27. a5 Bb3 28. b5 Bxc4 29. bxa6 Bxa6 30. f3 Ke7 31. Kf2 f6 32. Bb8 Kd7 33. Ke3 Kc6 34. h4 Kd5 35. g3 e5 36. Bc7 Bb5 37. Bd8 Bc6 38. Bc7 Ke6 39. Bd8 h6 40. Bc7 Kf5 41. Bd8 Ke6 42. Bc7 f5 43. Bb8 g5 44. hxg5 hxg5 45. Bc7 f4+ 46. gxf4 exf4+ 47. Kf2 Kf5 48. Bd8 Bd5 1/2-1/2

[Event "EYCC 2017"]
[Site "Mamaia"]
[Date "2017.09.07"]
[Round "3"]
[White "Ewert, Hannes"]
[Black "Sargsyan, Shant"]
[Result "1/2-1/2"]
[WhiteElo "2261"]
[BlackElo "2436"]
[Annotator "TA"]
[PlyCount "116"]
[EventDate "2017.??.??"]
[EventType "swiss"]
[EventCountry "ROU"]
[SourceTitle "playchess.com"]
[Source "ChessBase"]
[SourceQuality "1"]

1. e4 e5 2. Nf3 Nc6 3. Bb5 a6 4. Ba4 Nf6 5. O-O Nxe4 6. d4 b5 7. Bb3 d5 8. dxe5 Be6 9. Nbd2 Be7 10. c3 O-O 11. Nd4 Nxd4 12. cxd4 Nxd2 13. Bxd2 c5 14. dxc5 Bxc5 15. Rc1 Qb6 16. Qh5 Bd4 17. Bc3 Rac8 18. Bxd4 Qxd4 19. Qe2 Bg4 20. Qe3 Qxe3 21. fxe3 Be2 22. Rfe1 Bc4 23. Bd1 Rce8 24. b3 Bd3 25. Bf3 Rxe5 26. Rc5 b4 27. Rxd5 Rxd5 28. Bxd5 Rd8 29. Bf3 Kf8 30. Rc1 Ke7 31. Kf2 f5 32. Ke1 Rd6 33. Be2 Be4 34. g3 Rh6 35. h4 Rg6 36. Kf2 Rd6 37. Ke1 a5 38. Rc5 Rd5 39. Rc7+ Rd7 40. Rc8 Bb1 41. Ra8 Bxa2 42. Rxa5 Bxb3 43. Rb5 Bd5 44. Rxb4 Ra7 45. g4 fxg4 46. Rxg4 Kf6 47. Rf4+ Ke5 48. Rd4 Be4 49. Rd8 Re7 50. Kf2 g6 51. Kg3 Bf5 52. Bf3 h6 53. Rh8 Kf6 54. Kf2 Kg7 55. Rd8 Re5 56. Rd6 Re8 57. Rb6 Be4 58. Be2 Rf8+ 1/2-1/2

[Event "EYCC 2017"]
[Site "Mamaia"]
[Date "2017.09.07"]
[Round "3"]
[White "Shpanko, Nadiia"]
[Black "Cramling Bellon, Anna"]
[Result "1-0"]
[WhiteElo "2065"]
[BlackElo "1926"]
[Annotator "NA"]
[PlyCount "81"]
[EventDate "2017.??.??"]
[EventType "swiss"]
[EventCountry "ROU"]
[SourceTitle "playchess.com"]
[Source "ChessBase"]
[SourceQuality "1"]

1. e4 c5 2. Nf3 d6 3. d4 cxd4 4. Nxd4 Nf6 5. Nc3 a6 6. Be2 e5 7. Nf3 h6 8. a4 b6 9. Be3 Bb7 10. Nd2 Nbd7 11. O-O Be7 12. f3 O-O 13. Nc4 Qc7 14. Qd2 Nc5 15. b4 Ncd7 16. Rfd1 Rfd8 17. Bf1 Rab8 18. Bf2 Kh7 19. Ra3 a5 20. Nb5 Qc6 21. bxa5 d5 22. exd5 Nxd5 23. Raa1 Nf4 24. Be3 Nc5 25. Qf2 Qg6 26. Kh1 Qh5 27. Bxf4 exf4 28. Rxd8 Rxd8 29. Qe2 Ne6 30. axb6 Bc5 31. Rd1 Re8 32. Nbd6 Ng5 33. Qd3+ Kh8 34. Nxb7 Bf2 35. Nbd6 Bg3 36. h3 Rd8 37. Qf5 Qh4 38. Qg4 Nxh3 39. Qxh4 Nf2+ 40. Kg1 Bxh4 41. Rd2 1-0

[Event "EYCC 2017"]
[Site "Mamaia"]
[Date "2017.09.08"]
[Round "4"]
[White "Esipenko, Andrey"]
[Black "Pultinevicius, Paulius"]
[Result "1/2-1/2"]
[WhiteElo "2540"]
[BlackElo "2381"]
[Annotator "TA"]
[PlyCount "112"]
[EventDate "2017.??.??"]
[EventType "swiss"]
[EventCountry "ROU"]
[SourceTitle "playchess.com"]
[Source "ChessBase"]
[SourceQuality "1"]

1. d4 Nf6 2. c4 g6 3. Nc3 d5 4. Bg5 Bg7 5. Bxf6 Bxf6 6. cxd5 c5 7. Nf3 cxd4 8. Nxd4 Qb6 9. e3 Qxb2 10. Bb5+ Kf8 11. O-O Kg7 12. Rc1 Rd8 13. Qa4 Na6 14. a3 Nc5 15. Qc4 a6 16. Qxc5 axb5 17. Ncxb5 Bd7 18. Rb1 Qd2 19. Nc7 Qa5 20. Nb3 Qxc5 21. Nxc5 Rxa3 22. Rxb7 Bc8 23. Rb6 Kh6 24. Nb5 Ra5 25. e4 Bd7 26. Nxd7 Rxd7 27. f4 Ra4 28. e5 Bh8 29. Nc3 Rc4 30. Rf3 Rdc7 31. Rb3 f6 32. e6 f5 33. Rh3+ Kg7 34. Ne2 Re4 35. Rhe3 Rxe3 36. Rxe3 Kf8 37. Rb3 Bf6 38. Kf2 Rc2 39. Ke3 Rc5 40. Rd3 Ra5 41. g3 Ke8 42. Ng1 Kd8 43. Nf3 Ra4 44. Ne5 Re4+ 45. Kf3 Bxe5 46. fxe5 g5 47. Ra3 g4+ 48. Kf2 Rxe5 49. Ra8+ Kc7 50. Ra7+ Kd6 51. Rd7+ Kc5 52. Rxe7 Kxd5 53. Rxh7 Rxe6 54. Ra7 Ke5 55. Ra2 Kf6 56. Kg2 Ke5 1/2-1/2

[Event "EYCC 2017"]
[Site "Mamaia"]
[Date "2017.09.08"]
[Round "4"]
[White "Sorokin, Aleksey"]
[Black "Livaic, Leon"]
[Result "1/2-1/2"]
[WhiteElo "2486"]
[BlackElo "2461"]
[Annotator "TA"]
[PlyCount "76"]
[EventDate "2017.??.??"]
[EventType "swiss"]
[EventCountry "ROU"]
[SourceTitle "playchess.com"]
[Source "ChessBase"]
[SourceQuality "1"]

1. d4 Nf6 2. c4 e6 3. Nc3 Bb4 4. Qc2 d6 5. Nf3 Nbd7 6. g3 b6 7. Bg2 Bb7 8. O-O Bxc3 9. Qxc3 O-O 10. b4 a5 11. b5 Qe7 12. a4 Rfe8 13. Bb2 Rad8 14. Rfd1 h6 15. Rac1 Ba8 16. h3 Ne4 17. Qc2 f5 18. d5 Ndc5 19. Nd4 Qf7 20. dxe6 Nxe6 21. Nc6 Bxc6 22. bxc6 N6c5 23. e3 Re7 24. Bd4 Kh8 25. Kh2 Rde8 26. Rf1 Qg6 27. Rcd1 Ne6 28. Qb2 Nxd4 29. Rxd4 Qf6 30. Qc2 h5 31. h4 g6 32. Rd5 Kg7 33. Bf3 Re5 34. Kg2 Nc5 35. Rfd1 Na6 36. Qd2 Nc5 37. Qc2 Na6 38. Qd2 Nc5 1/2-1/2

[Event "EYCC 2017"]
[Site "Mamaia"]
[Date "2017.09.08"]
[Round "4"]
[White "Van Foreest, Lucas"]
[Black "Macko, Miroslav"]
[Result "1-0"]
[WhiteElo "2485"]
[BlackElo "2303"]
[Annotator "TA"]
[PlyCount "82"]
[EventDate "2017.??.??"]
[EventType "swiss"]
[EventCountry "ROU"]
[SourceTitle "playchess.com"]
[Source "ChessBase"]
[SourceQuality "1"]

1. d4 Nf6 2. c4 e6 3. Nc3 d5 4. cxd5 exd5 5. Bg5 Be7 6. e3 O-O 7. Bd3 Nbd7 8. Nge2 Re8 9. O-O c6 10. Qc2 Nf8 11. Rab1 Ng6 12. b4 a6 13. a4 Ne4 14. Bxe7 Qxe7 15. b5 axb5 16. axb5 Nxc3 17. Qxc3 Ra3 18. Rb3 Rxb3 19. Qxb3 Bd7 20. Ra1 Qd6 21. Nc3 c5 22. Qxd5 Qxd5 23. Nxd5 cxd4 24. exd4 Rd8 25. Ne3 Be6 26. d5 Bd7 27. Ra7 Nf4 28. Bc4 Bc8 29. Ra8 Kf8 30. g3 Nh3+ 31. Kg2 Ng5 32. g4 Ke7 33. Bd3 h5 34. Bf5 Bd7 35. Rxd8 Kxd8 36. gxh5 f6 37. Bxd7 Kxd7 38. Nf5 Nf7 39. Kf3 Nd6 40. Nxd6 Kxd6 41. Ke4 b6 1-0

[Event "EYCC 2017"]
[Site "Mamaia"]
[Date "2017.09.08"]
[Round "4"]
[White "Thybo, Jesper Sondergaard"]
[Black "Haug, Johannes"]
[Result "1-0"]
[WhiteElo "2466"]
[BlackElo "2379"]
[Annotator "TA"]
[PlyCount "77"]
[EventDate "2017.??.??"]
[EventType "swiss"]
[EventCountry "ROU"]
[SourceTitle "playchess.com"]
[Source "ChessBase"]
[SourceQuality "1"]

1. d4 e6 2. c4 Nf6 3. g3 Bb4+ 4. Bd2 a5 5. Bg2 d5 6. Qc2 O-O 7. Nf3 Be7 8. O-O c6 9. Bf4 Nbd7 10. cxd5 exd5 11. Nc3 Nh5 12. Bc1 Nhf6 13. b3 Bd6 14. Bb2 Re8 15. Rad1 Nb6 16. Ne5 g6 17. f3 Qe7 18. Kh1 Be6 19. Rde1 Nfd7 20. Nxd7 Qxd7 21. e4 Bb4 22. a3 Bf8 23. e5 a4 24. b4 Nc4 25. Bc1 b6 26. f4 c5 27. dxc5 bxc5 28. Rd1 d4 29. Ne4 Be7 30. bxc5 Rac8 31. g4 Na5 32. Qf2 Bxg4 33. Rxd4 Qe6 34. Nd6 Nb3 35. Bd5 Nxd4 36. Bxe6 Bf3+ 37. Qxf3 Nxf3 38. Bxc8 Bxd6 39. exd6 1-0

[Event "EYCC 2017"]
[Site "Mamaia"]
[Date "2017.09.08"]
[Round "4"]
[White "Morozov, Nichita"]
[Black "Sousa, Andre Ventura"]
[Result "1-0"]
[WhiteElo "2461"]
[BlackElo "2386"]
[Annotator "TA"]
[PlyCount "81"]
[EventDate "2017.??.??"]
[EventType "swiss"]
[EventCountry "ROU"]
[SourceTitle "playchess.com"]
[Source "ChessBase"]
[SourceQuality "1"]

1. d4 Nf6 2. Nf3 d5 3. c4 e6 4. Nc3 Bb4 5. e3 O-O 6. cxd5 exd5 7. Bd3 c5 8. O-O c4 9. Bc2 Bg4 10. Ne2 Nc6 11. Ne5 Bh5 12. f4 Nxe5 13. fxe5 Ne4 14. Bxe4 dxe4 15. Bd2 Qa5 16. Bxb4 Qxb4 17. Qc2 Bxe2 18. Qxe2 a5 19. Qc2 b5 20. Rab1 Qa4 21. Qxa4 bxa4 22. Rbc1 Rfc8 23. Rc3 Rab8 24. Rfc1 Rxb2 25. Rxc4 Rxc4 26. Rxc4 Kf8 27. Rxa4 Ke7 28. Rxa5 Ke6 29. Kf1 Rc2 30. Ra6+ Kf5 31. Ra7 Ke6 32. a4 Ra2 33. a5 h5 34. h4 f6 35. Rxg7 fxe5 36. dxe5 Rxa5 37. Rg6+ Kd5 38. Rg5 Kc4 39. e6 Ra8 40. e7 Kd3 41. Kf2 1-0

[Event "EYCC 2017"]
[Site "Mamaia"]
[Date "2017.09.08"]
[Round "4"]
[White "Kevlishvili, Robby"]
[Black "Mustafin, Andrey"]
[Result "1-0"]
[WhiteElo "2450"]
[BlackElo "2262"]
[Annotator "TA"]
[PlyCount "69"]
[EventDate "2017.??.??"]
[EventType "swiss"]
[EventCountry "ROU"]
[SourceTitle "playchess.com"]
[Source "ChessBase"]
[SourceQuality "1"]

1. e4 e5 2. Nf3 Nc6 3. Bb5 a6 4. Ba4 Nf6 5. O-O b5 6. Bb3 Bc5 7. c3 d6 8. d4 Bb6 9. Be3 O-O 10. Nbd2 h6 11. h3 Re8 12. Re1 exd4 13. cxd4 Na5 14. Bc2 Bb7 15. Qb1 Nc4 16. Nxc4 bxc4 17. Nd2 Rb8 18. f3 c3 19. bxc3 Ba5 20. Qc1 Bxc3 21. Rb1 c6 22. Ba4 Bxd2 23. Qxd2 Qc7 24. d5 Rec8 25. Rec1 c5 26. Bd4 Qd8 27. Bc3 Ba8 28. Qd3 Nh5 29. Bd2 Qf6 30. Qc3 Qg6 31. Bd7 Ng3 32. Bxc8 Rxb1 33. Rxb1 Ne2+ 34. Kf1 Nxc3 35. Rb8 1-0

[Event "EYCC 2017"]
[Site "Mamaia"]
[Date "2017.09.08"]
[Round "4"]
[White "Vykouk, Jan"]
[Black "Kouskoutis, Georgios-Alexandros"]
[Result "0-1"]
[WhiteElo "2440"]
[BlackElo "2314"]
[Annotator "TA"]
[PlyCount "60"]
[EventDate "2017.??.??"]
[EventType "swiss"]
[EventCountry "ROU"]
[SourceTitle "playchess.com"]
[Source "ChessBase"]
[SourceQuality "1"]

1. e4 c5 2. Nf3 g6 3. d4 cxd4 4. Nxd4 Bg7 5. Nc3 Nc6 6. Be3 Nf6 7. Bc4 O-O 8. Bb3 a6 9. f3 Qc7 10. Qd2 b5 11. O-O-O Bb7 12. h4 h5 13. g4 e6 14. g5 Ne8 15. Nxc6 Bxc6 16. Bf4 d6 17. Bxd6 Nxd6 18. Qxd6 Qb6 19. Kb1 Rfd8 20. Qf4 a5 21. Rd6 Rxd6 22. Qxd6 Rd8 23. Qe7 Re8 24. Qd6 Bf8 25. Qf4 a4 26. Bd5 b4 27. Bxe6 fxe6 28. Ne2 Bg7 29. Qd6 b3 30. cxb3 Bxe4+ 0-1

[Event "EYCC 2017"]
[Site "Mamaia"]
[Date "2017.09.08"]
[Round "4"]
[White "Sargsyan, Shant"]
[Black "Pantzar, Milton"]
[Result "1-0"]
[WhiteElo "2436"]
[BlackElo "2241"]
[Annotator "TA"]
[PlyCount "83"]
[EventDate "2017.??.??"]
[EventType "swiss"]
[EventCountry "ROU"]
[SourceTitle "playchess.com"]
[Source "ChessBase"]
[SourceQuality "1"]

1. d4 Nf6 2. Nf3 e6 3. c4 d5 4. Nc3 Bb4 5. Qa4+ Nc6 6. Bg5 dxc4 7. e4 h6 8. Bxf6 Qxf6 9. Bxc4 Bd7 10. Bb5 O-O 11. O-O Bxc3 12. bxc3 a6 13. Bd3 e5 14. d5 b5 15. Qa3 Ne7 16. c4 Ng6 17. Rfc1 Nf4 18. Bf1 Bg4 19. Nd2 Qg5 20. Qg3 c6 21. dxc6 b4 22. a3 bxa3 23. Nb3 a5 24. Rxa3 a4 25. Rca1 Rab8 26. Na5 Rb2 27. h3 Be2 28. Qxg5 hxg5 29. Rxa4 Bxf1 30. Kxf1 Nd3 31. R4a2 Rxa2 32. Rxa2 Rc8 33. Rd2 Nb4 34. Rd6 Kf8 35. Ke2 Ke7 36. c5 Na6 37. Rd5 Ke6 38. Kd3 Nb4+ 39. Kc4 Nxd5 40. exd5+ Ke7 41. d6+ Ke6 42. c7 1-0

[Event "EYCC 2017"]
[Site "Mamaia"]
[Date "2017.09.08"]
[Round "4"]
[White "Matviishen, Viktor"]
[Black "Bykov, Oleg"]
[Result "1-0"]
[WhiteElo "2431"]
[BlackElo "2336"]
[Annotator "TA"]
[PlyCount "109"]
[EventDate "2017.??.??"]
[EventType "swiss"]
[EventCountry "ROU"]
[SourceTitle "playchess.com"]
[Source "ChessBase"]
[SourceQuality "1"]

1. d4 Nf6 2. c4 g6 3. Nc3 Bg7 4. e4 O-O 5. Nf3 d6 6. h3 e5 7. d5 a5 8. g4 Na6 9. Be3 Nd7 10. a3 Nac5 11. Nd2 Bf6 12. h4 Bxh4 13. Qf3 Be7 14. Be2 Re8 15. Rxh7 Nf6 16. Rh1 Bxg4 17. Qg3 Qd7 18. f3 Bh5 19. O-O-O Kg7 20. Rdg1 Rh8 21. Bf1 Rag8 22. Kc2 Na4 23. Bh3 Qe8 24. Nxa4 Qxa4+ 25. b3 Qe8 26. f4 exf4 27. Qxf4 Nd7 28. Bxd7 Qxd7 29. Bd4+ f6 30. Nf1 Kf7 31. Ne3 g5 32. Qf2 Bg6 33. Nf5 Bxf5 34. exf5 a4 35. b4 b5 36. Qf3 bxc4 37. Rh5 Ke8 38. Rgh1 Rxh5 39. Qxh5+ Kd8 40. Qh7 Re8 41. Re1 Kc8 42. Kc3 Kd8 43. Kxc4 c5 44. Bc3 cxb4 45. Bxb4 Qc8+ 46. Kd3 Qa6+ 47. Kc3 Qc8+ 48. Kb2 Qc4 49. Qf7 Qd4+ 50. Bc3 Qf2+ 51. Ka1 Qc5 52. Bb2 Qc8 53. Bxf6 Qd7 54. Rxe7 Rxe7 55. Qf8+ 1-0

[Event "EYCC 2017"]
[Site "Mamaia"]
[Date "2017.09.08"]
[Round "4"]
[White "Vrolijk, Liam"]
[Black "Chukavin, Kirill"]
[Result "1-0"]
[WhiteElo "2418"]
[BlackElo "2226"]
[Annotator "TA"]
[PlyCount "57"]
[EventDate "2017.??.??"]
[EventType "swiss"]
[EventCountry "ROU"]
[SourceTitle "playchess.com"]
[Source "ChessBase"]
[SourceQuality "1"]

1. Nf3 Nf6 2. c4 e6 3. g3 d5 4. Bg2 Be7 5. d4 O-O 6. O-O dxc4 7. Qc2 a6 8. a4 Bd7 9. Qxc4 Bc6 10. Bf4 a5 11. Nc3 Na6 12. Rac1 Rc8 13. Rfe1 Bd5 14. Qd3 Nb4 15. Qb1 c5 16. e4 Bc4 17. Rcd1 cxd4 18. Rxd4 Qb6 19. Be3 Bc5 20. e5 Nfd5 21. Rh4 g6 22. Bxc5 Rxc5 23. Qc1 f5 24. Qh6 Rc7 25. Ng5 Nd3 26. Rf1 Nxc3 27. Nxh7 Ne2+ 28. Kh1 Rg7 29. Ng5 1-0

[Event "EYCC 2017"]
[Site "Mamaia"]
[Date "2017.09.08"]
[Round "4"]
[White "O`Donnell, Conor"]
[Black "Martirosyan, Haik M"]
[Result "0-1"]
[WhiteElo "2383"]
[BlackElo "2570"]
[Annotator "TA"]
[PlyCount "114"]
[EventDate "2017.??.??"]
[EventType "swiss"]
[EventCountry "ROU"]
[SourceTitle "playchess.com"]
[Source "ChessBase"]
[SourceQuality "1"]

1. d4 Nf6 2. c4 d6 3. Nf3 Nbd7 4. Nc3 e5 5. e4 Be7 6. Be2 O-O 7. O-O c6 8. Be3 Ng4 9. Bd2 Qe8 10. d5 Bd8 11. b4 Qe7 12. Ne1 Ngf6 13. Be3 Bb6 14. Nc2 Rd8 15. Qd2 Nf8 16. Rfd1 Ng6 17. Rac1 h6 18. c5 dxc5 19. d6 Qe8 20. bxc5 Ba5 21. f3 b6 22. a4 Be6 23. Rb1 Nd7 24. cxb6 axb6 25. Na3 Nf4 26. Bf1 Rdb8 27. g3 Ng6 28. Nc4 Bxc4 29. Bxc4 Ngf8 30. Qc2 Ne6 31. Na2 Rd8 32. Nb4 Bxb4 33. Rxb4 c5 34. Rb5 Nd4 35. Bxd4 cxd4 36. f4 Rac8 37. Rf1 Kh8 38. Qa2 exf4 39. Rxf4 Ne5 40. Bxf7 Rc1+ 41. Kg2 Qc6 42. Qd5 Qc2+ 43. Rf2 Qd1 44. Qxe5 Qg1+ 45. Kh3 Qxf2 46. Qe7 Qf6 47. e5 Qf5+ 48. Kh4 Rg8 49. Qe6 Qg5+ 50. Kh3 d3 51. Rd5 d2 52. Rxd2 Qxd2 53. Bxg8 Rh1 54. Bf7 Qxh2+ 55. Kg4 Qe2+ 56. Kf5 Qf3+ 57. Kg6 Qh5# 0-1

[Event "EYCC 2017"]
[Site "Mamaia"]
[Date "2017.09.08"]
[Round "4"]
[White "Sawlin, Leonid"]
[Black "Plenca, Jadranko"]
[Result "0-1"]
[WhiteElo "2364"]
[BlackElo "2440"]
[Annotator "TA"]
[PlyCount "68"]
[EventDate "2017.??.??"]
[EventType "swiss"]
[EventCountry "ROU"]
[SourceTitle "playchess.com"]
[Source "ChessBase"]
[SourceQuality "1"]

1. e4 e5 2. Bc4 Nc6 3. d3 Nf6 4. Nc3 Na5 5. Qf3 Nxc4 6. dxc4 h6 7. Nge2 d6 8. O-O g5 9. Ng3 Rg8 10. b3 Bg4 11. Qd3 h5 12. f3 Bd7 13. Nd5 h4 14. Nxf6+ Qxf6 15. Ne2 Qg6 16. Nc3 O-O-O 17. a4 f5 18. Qe3 Kb8 19. Nb5 b6 20. a5 Bxb5 21. axb6 cxb6 22. cxb5 d5 23. Ba3 Bxa3 24. Rxa3 dxe4 25. fxe4 f4 26. Qc3 Qd6 27. Ra4 g4 28. Rfa1 Rg7 29. Rc4 g3 30. Rf1 gxh2+ 31. Kxh2 Rg3 32. Qa1 h3 33. Rc6 hxg2 34. Rxd6 Rh8+ 0-1

[Event "EYCC 2017"]
[Site "Mamaia"]
[Date "2017.09.08"]
[Round "4"]
[White "Salemgareev, Tagir"]
[Black "Hakobyan, Aram"]
[Result "1/2-1/2"]
[WhiteElo "2354"]
[BlackElo "2472"]
[Annotator "TA"]
[PlyCount "86"]
[EventDate "2017.??.??"]
[EventType "swiss"]
[EventCountry "ROU"]
[SourceTitle "playchess.com"]
[Source "ChessBase"]
[SourceQuality "1"]

1. d4 Nf6 2. c4 e6 3. Nf3 b6 4. a3 Bb7 5. Nc3 Bd6 6. d5 O-O 7. e4 exd5 8. exd5 Re8+ 9. Be2 c6 10. O-O Na6 11. Nd4 cxd5 12. cxd5 Nc5 13. Bg5 Be5 14. Ndb5 Qb8 15. d6 Nfe4 16. Be7 a6 17. f4 Bxc3 18. Nxc3 Nxc3 19. bxc3 Ne4 20. Qd4 Nxd6 21. Bxd6 Rxe2 22. Rf2 Qe8 23. Qxb6 Re1+ 24. Rxe1 Qxe1+ 25. Rf1 Qe4 26. Rf2 Re8 27. Be5 f6 28. Bd4 Bd5 29. h3 Qd3 30. Kh2 h6 31. Qb2 Re1 32. Qc2 Qb5 33. Qb2 Qc4 34. Qd2 Re8 35. Qb2 a5 36. Qb6 a4 37. Qb4 Qb3 38. Qc5 Re1 39. Qc8+ Kh7 40. Qxd7 Be6 41. Qc7 Qd1 42. f5 Rh1+ 43. Kg3 Bxf5 1/2-1/2

[Event "EYCC 2017"]
[Site "Mamaia"]
[Date "2017.09.08"]
[Round "4"]
[White "Koziol, Kamil"]
[Black "Santos Ruiz, Miguel"]
[Result "0-1"]
[WhiteElo "2313"]
[BlackElo "2505"]
[Annotator "TA"]
[PlyCount "72"]
[EventDate "2017.??.??"]
[EventType "swiss"]
[EventCountry "ROU"]
[SourceTitle "playchess.com"]
[Source "ChessBase"]
[SourceQuality "1"]

1. e4 c5 2. Nf3 d6 3. d4 cxd4 4. Nxd4 Nf6 5. Nc3 a6 6. Bg5 e6 7. f4 h6 8. Bh4 Qb6 9. a3 Be7 10. Bf2 Qc7 11. Qf3 Nbd7 12. O-O-O b5 13. Kb1 Rb8 14. g4 b4 15. axb4 Rxb4 16. Rg1 g5 17. h4 gxf4 18. Na2 Rb8 19. b3 Bb7 20. Bd3 Ne5 21. Qxf4 Nxd3 22. cxd3 e5 23. Qf3 Qb6 24. g5 hxg5 25. hxg5 Nd7 26. g6 fxg6 27. Nc6 Qxb3+ 28. Ka1 Bxc6 29. Rb1 Qf7 30. Rxb8+ Nxb8 31. Qe3 Rh2 32. Rf1 Bh4 33. Qb6 Rxf2 34. Qxb8+ Kd7 35. Rxf2 Bxf2 36. Nb4 Bd4+ 0-1